Engineering mathematics-II/ (Record no. 192998)

MARC details
000 -LEADER
fixed length control field 00575nam a22001817a 4500
005 - DATE AND TIME OF LATEST TRANSACTION
control field 20221012151347.0
010 ## - LCCN (DPL NO)
LC control number ENG-135374
020 ## - INTERNATIONAL STANDARD BOOK NUMBER
Terms of availability 243.00
International Standard Book Number 9789383640454
035 ## - SYSTEM CONTROL NUMBER
System control number EN-118906
037 ## - SOURCE OF ACQUISITION
Source of stock number/acquisition DBAD/PUB
082 ## - DEWEY DECIMAL CLASSIFICATION NUMBER
Classification number 510
100 ## - MAIN ENTRY--PERSONAL NAME
Personal name M. Babu Prasad
245 ## - TITLE STATEMENT
Title Engineering mathematics-II/
Statement of responsibility, etc M. Babu Prasad at all
260 ## - PUBLICATION, DISTRIBUTION, ETC. (IMPRINT)
Date of publication, distribution, etc 2019
Name of publisher, distributor, etc M/s Spectrum University Press
Place of publication, distribution, etc Hyderabad
270 ## - ADDRESS
City Hyderabad
Address #326/C, Ist floor, Surneni Nilayam, Near B K Guda Park, S R Nagar
Postal code 500038
300 ## - PHYSICAL DESCRIPTION
Extent 320p.
Dimensions 22cm(Pbk)
942 ## - ADDED ENTRY ELEMENTS (KOHA)
Source of classification or shelving scheme Dewey Decimal Classification
Item type English Books
Call number suffix KKS
Classification part 808.88
Holdings
Withdrawn status Lost status Not for loan Collection code Home library Current library Date acquired Source of acquisition Cost, normal purchase price Full call number Barcode Copy number Cost, replacement price Koha item type
      Non-fiction Diz Area Diz Area 12/10/2022 DBAD/PUB 243.00 808.88 KKS EN-118906 1 243.00 English Books

© Delhi Public Library
Hit Counter
free hit counter